LEADER 01329nam a2200289 i 4500 001 000000175882 003 CaOOAMICUS 005 20081120000000.0 008 081120s2006 it u000 u ita u 013 $a153367 020 $a88-02-07401-1 020 $a88-02-07379-1 040 $aSeMil$bita 245 10$aDalle origini alle chiese contemporanee /$cdiretto da Roberto Rusconi. 260 $aTorino :$bUTET,$c2006. 300 $aXV, 471 p. :$bricc. ill. ;$c33 cm. 490 0 $aAtlanti tematici : collezione di volumi monografici dedicati ai principali temi della cultura e del sapere 700 1 $aRusconi, Roberto,$d<1946- >.$0(OLS)http://semarc/name/9094 773 0 $tCristianesimo.$dTorino : UTET, [2006]$g1$w()20264 830 0$aAtlanti tematici : collezione di volumi monografici dedicati ai principali temi della cultura e del sapere.$0(OLS)http://semarc/title/74775 850 $aSeMil 852 $aSeMil$W1$xVenegono$y1$mSL1.G IX 16$j126707$B126704$CSeMilBibl$Z2$F138709 $8I 961 $aAcquisto: UTET (Agente) 996 $6020$a88-02-07401-1$9(OLS)http://semarc/number/164252 996 $6020$a88-02-07379-1$9(OLS)http://semarc/number/164253 996 $6245$aDalle origini alle chiese contemporanee$9(OLS)http://semarc/title/252303 996 $6260$aTorino :$bUTET$9(OLS)http://semarc/publisher/29621 LEADER 01300nam a2200277 i 4500 001 000000163330 003 CaOOAMICUS 005 20070724000000.0 008 070724s2006 it u000 u ita u 013 $a140694 020 $a88-7229-215-8 040 $aSeMil$bita 245 10$aSentieri illuminati dallo Spirito :$bAtti del Congresso internazionale di mistica, Abbazia di Münsterschwarzach /$cAaVv ; [traduzione di Fabrizio Iodice, Luca Arcese]. 260 $aRoma Morena :$bOCD,$c2006. 300 $a607 p. :$bill. ;$c24 cm. 490 0 $aAppunti di teologia ;$v7. 650 4$aMistica - Atti di congressi.$0(OLS)http://semarc/subject/19876 700 1 $aArcese, Luca.$0(OLS)http://semarc/name/61882 700 1 $aIodice, Fabrizio.$0(OLS)http://semarc/name/61881 830 0$aAppunti di teologia ;$v7.$0(OLS)http://semarc/title/22938 850 $aSeMil 852 $aSeMil$W1$xVenegono$y1$m2C V 501$j114625$B114625$CSeMilBibl$Z2$F125803 $81 961 $aOmaggio: Como don Giuseppe 996 $6020$a88-7229-215-8$9(OLS)http://semarc/number/149399 996 $6245$aSentieri illuminati dallo Spirito :$bAtti del Congresso internazionale di mistica, Abbazia di Münsterschwarzach$9(OLS)http://semarc/title/233001 996 $6260$aRoma Morena :$bOCD$9(OLS)http://semarc/publisher/34185